[Event "V4 OPEN - International Championship of Slovakia 2
[Site "Banska Stiavnica"]
[Date "2013.07.09"]
[Round "4"]
[Board "13"]
[White "Gunajew, Rafal"]
[Black "Jedrocha, Katarzyna"]
[Result "1-0"]
[WhiteElo "2294"]
[BlackElo "1676"]
[PlyCount "0"]
[EventDate "2013.07.06"]
[EventRounds "9"]
[EventCountry "SVK"]

1. Nc3 {[%clk 1:30:58]} e5 {[%clk 1:29:13]} 2. e4 {[%clk 1:30:59]} Nc6
{[%clk 1:29:15]} 3. Nf3 {[%clk 1:30:50]} Nf6 {[%clk 1:29:35]} 4. d4
{[%clk 1:31:03]} exd4 {[%clk 1:29:57]} 5. Nd5 {[%clk 1:31:26]} Nb4
{[%clk 1:29:04]} 6. Bc4 {[%clk 1:30:13]} Nbxd5 {[%clk 1:28:53]} 7. exd5
{[%clk 1:30:36]} Bb4+ {[%clk 1:29:04]} 8. Kf1 {[%clk 1:30:15]} O-O
{[%clk 1:27:25]} 9. Qxd4 {[%clk 1:30:14]} Re8 {[%clk 1:22:40]} 10. Bd3
{[%clk 1:28:15]} Be7 {[%clk 1:20:17]} 11. h3 {[%clk 1:24:30]} c5 {[%clk 1:16:24]}
12. Qc4 {[%clk 1:14:29]} b5 {[%clk 1:08:46]} 13. Qxb5 {[%clk 1:14:33]} Nxd5
{[%clk 1:08:52]} 14. Bxh7+ {[%clk 1:14:43]} Kxh7 {[%clk 1:05:59]} 15. Qd3+
{[%clk 1:14:41]} Kg8 {[%clk 1:06:23]} 16. Qxd5 {[%clk 1:15:04]} Ba6+
{[%clk 1:06:34]} 17. Kg1 {[%clk 1:11:37]} d6 {[%clk 1:03:13]} 18. h4
{[%clk 1:05:57]} Bf6 {[%clk 1:01:27]} 19. Bg5 {[%clk 0:59:07]} Rb8
{[%clk 0:59:15]} 20. b3 {[%clk 0:58:40]} Bb7 {[%clk 0:51:55]} 21. Qd1
{[%clk 0:58:03]} Bxf3 {[%clk 0:48:37]} 22. Qxf3 {[%clk 0:58:25]} Bxg5
{[%clk 0:48:54]} 23. hxg5 {[%clk 0:58:49]} Qxg5 {[%clk 0:48:42]} 24. Rd1
{[%clk 0:55:22]} Re6 {[%clk 0:45:23]} 25. Rh5 {[%clk 0:55:31]} Qe7
{[%clk 0:36:39]} 26. Qh3 {[%clk 0:55:26]} Rh6 {[%clk 0:35:53]} 27. Rxh6
{[%clk 0:55:40]} gxh6 {[%clk 0:36:22]} 28. Qg3+ {[%clk 0:55:15]} Kf8
{[%clk 0:33:07]} 29. Qxd6 {[%clk 0:54:15]} Rb6 {[%clk 0:31:36]} 30. Qd3
{[%clk 0:53:09]} Re6 {[%clk 0:30:20]} 31. Kf1 {[%clk 0:52:58]} Kg7
{[%clk 0:27:57]} 32. Qc3+ {[%clk 0:53:17]} Kh7 {[%clk 0:26:24]} 33. g3
{[%clk 0:50:38]} Qg5 {[%clk 0:22:17]} 34. Rd7 {[%clk 0:48:25]} Re7
{[%clk 0:20:23]} 35. Rd8 {[%clk 0:47:30]} f6 {[%clk 0:09:45]} 36. Qd3+
{[%clk 0:47:45]} Kg7 {[%clk 0:10:02]} 37. Rd5 {[%clk 0:48:02]} Qg4
{[%clk 0:09:40]} 38. Kg2 {[%clk 0:47:45]} Qc8 {[%clk 0:08:35]} 39. c4
{[%clk 0:47:55]} Qb7 {[%clk 0:06:56]} 40. Qf3 {[%clk 0:47:23]} Qb6
{[%clk 0:05:34]} 41. Qg4+ {[%clk 0:47:43]} Kf7 {[%clk 0:05:38]} 42. Qh5+
{[%clk 0:48:04]} Kg7 {[%clk 0:05:41]} 43. Rxc5 {[%clk 0:48:24]} Qa6
{[%clk 0:04:05]} 44. Qg4+ {[%clk 0:48:06]} Kf7 {[%clk 0:02:43]} 45. Rc8
{[%clk 0:48:23]} Qb7+ {[%clk 0:02:18]} 46. Kh2 {[%clk 0:48:35]} Rd7
{[%clk 0:01:25]} 47. Rg8 {[%clk 0:47:41]} Qc6 {[%clk 0:30:14]} 48. Rg7+
{[%clk 1:18:54]} Ke8 {[%clk 0:30:41]} 49. Qxd7+ {[%clk 1:19:00]} 1-0

[Event "V4 OPEN - International Championship of Slovakia 2
[Site "Banska Stiavnica"]
[Date "2013.07.09"]
[Round "4"]
[Board "14"]
[White "Dowgird, Filip"]
[Black "Petrik, Tomas"]
[Result "0-1"]
[WhiteElo "2154"]
[BlackElo "2512"]
[PlyCount "0"]
[EventDate "2013.07.06"]
[EventRounds "9"]
[EventCountry "SVK"]

1. f4 {[%clk 1:30:57]} d5 {[%clk 1:30:21]} 2. Nf3 {[%clk 1:31:21]} g6
{[%clk 1:30:20]} 3. g3 {[%clk 1:31:45]} Bg7 {[%clk 1:30:30]} 4. Bg2
{[%clk 1:32:10]} Nf6 {[%clk 1:30:21]} 5. O-O {[%clk 1:32:29]} O-O
{[%clk 1:29:30]} 6. d3 {[%clk 1:32:12]} c6 {[%clk 1:29:17]} 7. Nc3
{[%clk 1:27:46]} Nbd7 {[%clk 1:08:26]} 8. e4 {[%clk 1:21:56]} dxe4
{[%clk 1:00:50]} 9. dxe4 {[%clk 1:21:28]} e5 {[%clk 1:00:42]} 10. Qe1
{[%clk 1:19:03]} Re8 {[%clk 0:52:04]} 11. f5 {[%clk 1:16:34]} b5 {[%clk 0:46:16]}
12. a3 {[%clk 1:12:34]} a5 {[%clk 0:43:39]} 13. h3 {[%clk 1:09:04]} Bb7
{[%clk 0:35:31]} 14. g4 {[%clk 1:01:01]} b4 {[%clk 0:31:34]} 15. Nd1
{[%clk 0:51:33]} b3 {[%clk 0:12:58]} 16. Nf2 {[%clk 0:41:54]} Ba6
{[%clk 0:10:38]} 17. cxb3 {[%clk 0:42:12]} Nc5 {[%clk 0:09:17]} 18. Qe3
{[%clk 0:41:24]} Bxf1 {[%clk 0:06:40]} 19. Bxf1 {[%clk 0:41:39]} Bf8
{[%clk 0:06:42]} 20. Bc4 {[%clk 0:40:01]} Nb7 {[%clk 0:06:38]} 21. fxg6
{[%clk 0:37:36]} hxg6 {[%clk 0:06:58]} 22. Qg5 {[%clk 0:37:56]} Nd5
{[%clk 0:00:38]} 23. exd5 {[%clk 0:37:04]} cxd5 {[%clk 0:01:05]} 24. Bb5
{[%clk 0:35:41]} Re6 {[%clk 0:01:33]} 25. Qxd8 {[%clk 0:34:33]} Rxd8
{[%clk 0:01:58]} 26. Bg5 {[%clk 0:34:07]} f6 {[%clk 0:00:44]} 27. Nxe5
{[%clk 0:33:03]} fxg5 {[%clk 0:00:39]} 28. Nc6 {[%clk 0:30:53]} Rc8
{[%clk 0:00:47]} 29. Nd4 {[%clk 0:31:15]} Rb6 {[%clk 0:00:39]} 30. Nd3
{[%clk 0:30:37]} Bg7 {[%clk 0:00:35]} 31. Nc6 {[%clk 0:29:59]} Rbxc6
{[%clk 0:00:45]} 32. Bxc6 {[%clk 0:30:18]} Rxc6 {[%clk 0:01:14]} 33. b4
{[%clk 0:30:46]} Rc2 {[%clk 0:00:53]} 34. bxa5 {[%clk 0:29:56]} Rd2
{[%clk 0:00:39]} 35. a6 {[%clk 0:30:17]} Rxd3 {[%clk 0:01:00]} 36. a7
{[%clk 0:30:39]} Bd4+ 0-1

[Event "V4 OPEN - International Championship of Slovakia 2
[Site "Banska Stiavnica"]
[Date "2013.07.09"]
[Round "4"]
[Board "15"]
[White "Fodor, Tamas Jr."]
[Black "Lukac, Roman"]
[Result "1-0"]
[WhiteElo "2455"]
[BlackElo "2126"]
[PlyCount "0"]
[EventDate "2013.07.06"]
[EventRounds "9"]
[EventCountry "SVK"]

1. d4 {[%clk 1:30:49]} Nf6 {[%clk 1:22:49]} 2. c4 {[%clk 1:31:14]} c5
{[%clk 1:23:11]} 3. d5 {[%clk 1:31:39]} e6 {[%clk 1:23:37]} 4. Nc3
{[%clk 1:32:06]} exd5 {[%clk 1:23:52]} 5. cxd5 {[%clk 1:32:30]} d6
{[%clk 1:24:18]} 6. Nf3 {[%clk 1:32:55]} g6 {[%clk 1:24:41]} 7. Bf4
{[%clk 1:33:21]} a6 {[%clk 1:24:56]} 8. a4 {[%clk 1:33:46]} Bg7 {[%clk 1:25:08]}
9. h3 {[%clk 1:34:11]} O-O {[%clk 1:25:13]} 10. e3 {[%clk 1:34:37]} Ne8
{[%clk 1:21:04]} 11. Be2 {[%clk 1:34:55]} Nd7 {[%clk 1:21:11]} 12. O-O
{[%clk 1:35:17]} Ne5 {[%clk 1:20:51]} 13. Bxe5 {[%clk 1:32:25]} dxe5
{[%clk 1:19:29]} 14. Nd2 {[%clk 1:31:26]} b6 {[%clk 1:07:23]} 15. Nc4
{[%clk 1:27:38]} Ra7 {[%clk 0:46:03]} 16. Rb1 {[%clk 1:24:32]} Bd7
{[%clk 0:34:02]} 17. b4 {[%clk 1:16:46]} b5 {[%clk 0:32:24]} 18. Nd2
{[%clk 1:12:05]} c4 {[%clk 0:28:45]} 19. Ra1 {[%clk 1:12:18]} Qb6
{[%clk 0:23:21]} 20. Nde4 {[%clk 1:10:26]} f5 {[%clk 0:20:19]} 21. Nc5
{[%clk 1:10:40]} Nd6 {[%clk 0:20:25]} 22. e4 {[%clk 1:09:05]} Bc8
{[%clk 0:17:57]} 23. Qd2 {[%clk 1:06:38]} Re8 {[%clk 0:10:29]} 24. Ra2
{[%clk 1:06:37]} Rf7 {[%clk 0:09:46]} 25. exf5 {[%clk 1:05:58]} Nxf5
{[%clk 0:08:34]} 26. axb5 {[%clk 1:06:16]} axb5 {[%clk 0:08:53]} 27. Bg4
{[%clk 1:05:38]} Bh6 {[%clk 0:06:48]} 28. Qd1 {[%clk 1:06:02]} Bf8
{[%clk 0:07:08]} 29. N3e4 {[%clk 1:06:09]} Ra7 {[%clk 0:05:10]} 30. Rxa7
{[%clk 1:06:12]} Qxa7 {[%clk 0:05:39]} 31. Nf6+ {[%clk 1:06:36]} Kf7
{[%clk 0:06:04]} 32. Nxe8 {[%clk 1:06:58]} Kxe8 {[%clk 0:06:26]} 33. Bxf5
{[%clk 1:06:46]} Bxf5 {[%clk 0:06:23]} 34. d6 {[%clk 1:06:57]} Kd8
{[%clk 0:03:35]} 35. Qd5 {[%clk 1:07:09]} 1-0

[Event "V4 OPEN - International Championship of Slovakia 2
[Site "Banska Stiavnica"]
[Date "2013.07.09"]
[Round "4"]
[Board "16"]
[White "Cernousek, Lukas"]
[Black "Marczuk, Dominik"]
[Result "1-0"]
[WhiteElo "2454"]
[BlackElo "2043"]
[PlyCount "0"]
[EventDate "2013.07.06"]
[EventRounds "9"]
[EventCountry "SVK"]

1. d4 {[%clk 1:30:57]} f5 {[%clk 1:30:49]} 2. g3 {[%clk 1:30:42]} Nf6
{[%clk 1:31:00]} 3. Bg2 {[%clk 1:31:07]} g6 {[%clk 1:31:18]} 4. Nf3
{[%clk 1:31:08]} Bg7 {[%clk 1:31:13]} 5. O-O {[%clk 1:31:31]} O-O
{[%clk 1:31:25]} 6. c4 {[%clk 1:31:57]} d6 {[%clk 1:31:37]} 7. b3
{[%clk 1:32:22]} e6 {[%clk 1:29:51]} 8. Bb2 {[%clk 1:32:41]} Nc6 {[%clk 1:24:32]}
9. Nc3 {[%clk 1:33:07]} Ne4 {[%clk 1:21:27]} 10. Qd3 {[%clk 1:33:30]} Nxc3
{[%clk 1:20:17]} 11. Bxc3 {[%clk 1:33:57]} e5 {[%clk 1:06:40]} 12. dxe5
{[%clk 1:34:24]} dxe5 {[%clk 1:06:25]} 13. Qd5+ {[%clk 1:34:51]} Kh8
{[%clk 1:05:22]} 14. Qxd8 {[%clk 1:35:15]} Rxd8 {[%clk 1:02:18]} 15. Ng5
{[%clk 1:35:43]} Rf8 {[%clk 0:59:17]} 16. Bxc6 {[%clk 1:30:16]} bxc6
{[%clk 0:58:08]} 17. Rfd1 {[%clk 1:22:43]} e4 {[%clk 0:47:15]} 18. Nf7+
{[%clk 1:23:04]} Kg8 {[%clk 0:46:37]} 19. Bxg7 {[%clk 1:23:27]} Rxf7
{[%clk 0:43:50]} 20. Bh6 {[%clk 1:11:09]} Rd7 {[%clk 0:26:30]} 21. Bf4
{[%clk 1:04:14]} Re7 {[%clk 0:21:51]} 22. Bg5 {[%clk 0:56:39]} Rd7
{[%clk 0:19:02]} 23. Bf4 {[%clk 0:53:40]} Kf7 {[%clk 0:13:11]} 24. Rxd7+
{[%clk 0:51:52]} Bxd7 {[%clk 0:13:34]} 25. Bxc7 {[%clk 0:52:01]} Rc8
{[%clk 0:13:48]} 26. Bf4 {[%clk 0:40:03]} Re8 {[%clk 0:12:55]} 27. Rd1
{[%clk 0:26:15]} Bc8 {[%clk 0:12:33]} 28. Bg5 {[%clk 0:25:13]} a6
{[%clk 0:11:40]} 29. h4 {[%clk 0:24:56]} Ke6 {[%clk 0:10:56]} 30. Kf1
{[%clk 0:24:05]} Kf7 {[%clk 0:07:49]} 31. Ke1 {[%clk 0:24:21]} Be6
{[%clk 0:05:53]} 32. Rd6 {[%clk 0:17:12]} Rc8 {[%clk 0:06:07]} 33. Kd2
{[%clk 0:17:35]} Rc7 {[%clk 0:01:52]} 34. Kc3 {[%clk 0:17:48]} Bc8
{[%clk 0:01:44]} 35. Kb4 {[%clk 0:14:16]} a5+ {[%clk 0:00:50]} 36. Kc5
{[%clk 0:14:32]} 1-0

[Event "V4 OPEN - International Championship of Slovakia 2
[Site "Banska Stiavnica"]
[Date "2013.07.09"]
[Round "4"]
[Board "17"]
[White "Mondrzycki, Bartlomiej"]
[Black "Aczel, Gergely"]
[Result "0-1"]
[WhiteElo "2099"]
[BlackElo "2451"]
[PlyCount "0"]
[EventDate "2013.07.06"]
[EventRounds "9"]
[EventCountry "SVK"]

1. f4 {[%clk 1:30:56]} d5 {[%clk 1:29:40]} 2. Nf3 {[%clk 1:31:19]} g6
{[%clk 1:29:43]} 3. g3 {[%clk 1:31:39]} Bg7 {[%clk 1:30:05]} 4. Bg2
{[%clk 1:32:01]} Nf6 {[%clk 1:30:26]} 5. O-O {[%clk 1:31:29]} O-O
{[%clk 1:30:46]} 6. d3 {[%clk 1:31:33]} c6 {[%clk 1:29:08]} 7. c3
{[%clk 1:24:22]} Nbd7 {[%clk 1:28:31]} 8. Qc2 {[%clk 1:17:02]} Re8
{[%clk 1:26:36]} 9. e4 {[%clk 1:13:28]} dxe4 {[%clk 1:05:04]} 10. dxe4
{[%clk 1:13:47]} e5 {[%clk 1:05:23]} 11. f5 {[%clk 1:08:21]} Nc5 {[%clk 1:03:52]}
12. Nh4 {[%clk 1:03:17]} Qd3 {[%clk 0:55:55]} 13. Qxd3 {[%clk 0:59:49]} Nxd3
{[%clk 0:56:22]} 14. Bg5 {[%clk 0:53:37]} Nd7 {[%clk 0:52:31]} 15. b3
{[%clk 0:44:35]} Bf8 {[%clk 0:48:12]} 16. h3 {[%clk 0:26:54]} f6 {[%clk 0:35:43]}
17. Be3 {[%clk 0:24:39]} g5 {[%clk 0:33:09]} 18. Nf3 {[%clk 0:24:20]} Bc5
{[%clk 0:27:13]} 19. Bxc5 {[%clk 0:24:45]} N3xc5 {[%clk 0:27:36]} 20. Nbd2
{[%clk 0:22:05]} Nb6 {[%clk 0:27:44]} 21. Rfd1 {[%clk 0:18:20]} Bd7
{[%clk 0:24:24]} 22. Bf1 {[%clk 0:18:25]} Red8 {[%clk 0:24:36]} 23. Kf2
{[%clk 0:11:19]} Be8 {[%clk 0:24:55]} 24. Ke3 {[%clk 0:11:47]} Bf7
{[%clk 0:24:09]} 25. Ne1 {[%clk 0:11:56]} Kf8 {[%clk 0:19:49]} 26. Nd3
{[%clk 0:12:15]} Nxd3 {[%clk 0:19:45]} 27. Bxd3 {[%clk 0:12:42]} Ke7
{[%clk 0:19:38]} 28. Be2 {[%clk 0:08:56]} a5 {[%clk 0:19:26]} 29. h4
{[%clk 0:07:26]} gxh4 {[%clk 0:12:25]} 30. gxh4 {[%clk 0:07:55]} a4
{[%clk 0:11:49]} 31. Rg1 {[%clk 0:07:13]} Kf8 {[%clk 0:11:45]} 32. Nc4
{[%clk 0:02:59]} Nc8 {[%clk 0:04:20]} 33. Nd2 {[%clk 0:02:36]} Nd6
{[%clk 0:03:36]} 34. h5 {[%clk 0:02:39]} h6 {[%clk 0:03:31]} 35. Nc4
{[%clk 0:02:14]} b5 {[%clk 0:03:34]} 36. Nd2 {[%clk 0:01:38]} Rd7
{[%clk 0:03:29]} 37. c4 {[%clk 0:01:15]} b4 {[%clk 0:01:07]} 38. c5
{[%clk 0:01:15]} Nb7 {[%clk 0:01:09]} 39. Nc4 {[%clk 0:00:56]} Rad8
{[%clk 0:00:43]} 40. Nb6 {[%clk 0:00:44]} Rd2 {[%clk 0:00:45]} 41. Nxa4
{[%clk 0:20:02]} Na5 {[%clk 0:27:26]} 42. Rh1 {[%clk 0:16:00]} R8d4
{[%clk 0:17:23]} 43. Rh3 {[%clk 0:08:13]} Rc2 {[%clk 0:14:36]} 44. Bd3
{[%clk 0:07:02]} Rg2 {[%clk 0:14:44]} 45. Be2 {[%clk 0:06:04]} Ke7
{[%clk 0:10:59]} 46. Rah1 {[%clk 0:05:41]} Rxe4+ {[%clk 0:10:15]} 47. Kxe4
{[%clk 0:06:04]} Rxe2+ {[%clk 0:10:41]} 48. Kd3 {[%clk 0:04:18]} Rxa2
{[%clk 0:11:08]} 49. R1h2 {[%clk 0:03:42]} Ra3 {[%clk 0:10:39]} 50. Nb2
{[%clk 0:04:08]} Nxb3 {[%clk 0:10:32]} 51. Kc2 {[%clk 0:03:48]} Nxc5
{[%clk 0:09:48]} 52. Rxa3 {[%clk 0:03:51]} bxa3 {[%clk 0:10:16]} 53. Nd1
{[%clk 0:03:12]} Bb3+ {[%clk 0:10:27]} 0-1

[Event "V4 OPEN - International Championship of Slovakia 2
[Site "Banska Stiavnica"]
[Date "2013.07.09"]
[Round "4"]
[Board "18"]
[White "Gledura, Benjamin"]
[Black "Turkova, Karolina"]
[Result "1-0"]
[WhiteElo "2421"]
[BlackElo "2018"]
[PlyCount "0"]
[EventDate "2013.07.06"]
[EventRounds "9"]
[EventCountry "SVK"]

1. e4 {[%clk 1:30:57]} e5 {[%clk 1:30:52]} 2. Nf3 {[%clk 1:31:20]} Nc6
{[%clk 1:31:16]} 3. Bb5 {[%clk 1:31:41]} a6 {[%clk 1:31:34]} 4. Ba4
{[%clk 1:32:05]} Nf6 {[%clk 1:31:36]} 5. O-O {[%clk 1:32:18]} Be7
{[%clk 1:31:41]} 6. d3 {[%clk 1:32:34]} b5 {[%clk 1:31:27]} 7. Bb3
{[%clk 1:32:48]} O-O {[%clk 1:30:47]} 8. a4 {[%clk 1:32:20]} Bb7 {[%clk 1:23:29]}
9. Nc3 {[%clk 1:26:13]} b4 {[%clk 1:17:53]} 10. Nd5 {[%clk 1:25:05]} Nxd5
{[%clk 1:12:57]} 11. Bxd5 {[%clk 1:24:17]} d6 {[%clk 1:09:13]} 12. a5
{[%clk 1:18:38]} Rb8 {[%clk 1:00:42]} 13. c3 {[%clk 1:13:59]} bxc3
{[%clk 0:55:04]} 14. bxc3 {[%clk 1:14:16]} Nxa5 {[%clk 0:49:22]} 15. Rxa5
{[%clk 1:10:31]} c6 {[%clk 0:48:56]} 16. Bxf7+ {[%clk 1:10:45]} Rxf7
{[%clk 0:48:31]} 17. Ra2 {[%clk 1:10:41]} Bf6 {[%clk 0:46:31]} 18. Qa4
{[%clk 1:02:39]} d5 {[%clk 0:43:30]} 19. Nd2 {[%clk 1:02:13]} Bg5
{[%clk 0:37:51]} 20. Nb3 {[%clk 0:58:52]} Bxc1 {[%clk 0:36:05]} 21. Rxc1
{[%clk 0:58:20]} Qg5 {[%clk 0:34:29]} 22. Re1 {[%clk 0:33:56]} Bc8
{[%clk 0:29:05]} 23. Qxc6 {[%clk 0:24:12]} Bh3 {[%clk 0:23:02]} 24. f4
{[%clk 0:20:36]} Qh4 {[%clk 0:18:22]} 25. g3 {[%clk 0:18:38]} Qg4
{[%clk 0:16:19]} 26. f5 {[%clk 0:14:59]} h5 {[%clk 0:14:20]} 27. Qxd5
{[%clk 0:12:05]} h4 {[%clk 0:13:28]} 28. Qxe5 {[%clk 0:11:58]} Rb5
{[%clk 0:09:31]} 29. Qe8+ {[%clk 0:09:46]} Rf8 {[%clk 0:09:50]} 30. Qe6+
{[%clk 0:10:03]} Kh8 {[%clk 0:09:02]} 31. Nd4 {[%clk 0:08:44]} Rb7
{[%clk 0:06:21]} 32. Qe5 {[%clk 0:07:40]} Rfb8 {[%clk 0:04:07]} 33. Rxa6
{[%clk 0:04:51]} 1-0

[Event "V4 OPEN - International Championship of Slovakia 2
[Site "Banska Stiavnica"]
[Date "2013.07.09"]
[Round "4"]
[Board "19"]
[White "Toman, Ondrej"]
[Black "Talla, Vladimir"]
[Result "1/2-1/2"]
[WhiteElo "2061"]
[BlackElo "2394"]
[PlyCount "0"]
[EventDate "2013.07.06"]
[EventRounds "9"]
[EventCountry "SVK"]

1. d4 {[%clk 1:30:59]} d5 {[%clk 1:30:12]} 2. c4 {[%clk 1:31:21]} e6
{[%clk 1:30:39]} 3. Nc3 {[%clk 1:31:37]} Be7 {[%clk 1:31:05]} 4. cxd5
{[%clk 1:31:55]} exd5 {[%clk 1:31:30]} 5. Nf3 {[%clk 1:32:18]} c6
{[%clk 1:31:17]} 6. Bf4 {[%clk 1:32:30]} Bf5 {[%clk 1:31:22]} 7. Qb3
{[%clk 1:31:59]} Qb6 {[%clk 1:30:41]} 8. Qxb6 {[%clk 1:31:26]} axb6
{[%clk 1:31:06]} 9. e3 {[%clk 1:30:31]} b5 {[%clk 1:24:00]} 10. Ne5
{[%clk 1:24:08]} Nf6 {[%clk 1:14:43]} 11. Bd3 {[%clk 1:21:43]} Bxd3
{[%clk 1:13:33]} 12. Nxd3 {[%clk 1:22:10]} Nbd7 {[%clk 1:13:53]} 13. O-O
{[%clk 1:18:49]} b4 {[%clk 1:11:45]} 14. Ne2 {[%clk 1:18:08]} O-O
{[%clk 1:11:58]} 15. Ng3 {[%clk 1:17:11]} g6 {[%clk 1:10:45]} 16. Rfe1
{[%clk 1:15:48]} Ne4 {[%clk 0:46:23]} 17. f3 {[%clk 1:09:43]} Nxg3
{[%clk 0:45:16]} 18. Bxg3 {[%clk 1:09:52]} Rfd8 {[%clk 0:43:22]} 19. Rec1
{[%clk 1:04:22]} Nb8 {[%clk 0:33:39]} 20. Be1 {[%clk 0:55:43]} Na6
{[%clk 0:33:34]} 21. a3 {[%clk 0:54:57]} bxa3 {[%clk 0:32:59]} 22. bxa3
{[%clk 0:55:19]} Nc7 {[%clk 0:32:33]} 23. Bb4 {[%clk 0:53:38]} Bxb4
{[%clk 0:27:58]} 24. axb4 {[%clk 0:53:46]} Nb5 {[%clk 0:28:20]} 25. Nc5
{[%clk 0:51:15]} Nd6 {[%clk 0:27:11]} 26. Kf2 {[%clk 0:48:24]} f6
{[%clk 0:23:31]} 27. Nb3 {[%clk 0:44:06]} Kf7 {[%clk 0:21:11]} 28. Ke2
{[%clk 0:42:36]} Re8 {[%clk 0:21:08]} 29. Kd3 {[%clk 0:40:10]} Nf5
{[%clk 0:14:33]} 30. Rxa8 {[%clk 0:38:41]} Rxa8 {[%clk 0:14:54]} 31. Ra1
{[%clk 0:39:04]} Rxa1 {[%clk 0:14:23]} 32. Nxa1 {[%clk 0:39:33]} Nh4
{[%clk 0:14:44]} 33. Nb3 {[%clk 0:37:59]} Nxg2 {[%clk 0:12:21]} 34. Ke2
{[%clk 0:36:06]} Nh4 {[%clk 0:10:09]} 35. Na5 {[%clk 0:34:33]} Nf5
{[%clk 0:10:02]} 36. Nxb7 {[%clk 0:34:25]} Ke7 {[%clk 0:10:18]} 37. Nc5
{[%clk 0:31:01]} Nd6 {[%clk 0:08:47]} 38. e4 {[%clk 0:28:55]} Nb5
{[%clk 0:06:49]} 39. Ke3 {[%clk 0:27:03]} g5 {[%clk 0:06:26]} 40. h3
{[%clk 0:23:13]} Nc7 {[%clk 0:03:51]} 41. Nd3 {[%clk 0:16:55]} h6
{[%clk 0:30:39]} 42. f4 {[%clk 0:41:15]} dxe4 {[%clk 0:29:32]} 43. Kxe4
{[%clk 0:41:44]} Nb5 {[%clk 0:28:29]} 44. fxg5 {[%clk 0:38:57]} hxg5
{[%clk 0:28:13]} 45. Nc5 {[%clk 0:36:32]} Nc3+ {[%clk 0:19:29]} 46. Kf5
{[%clk 0:35:42]} Kf7 {[%clk 0:19:31]} 47. Ne6 {[%clk 0:34:01]} Ke7
{[%clk 0:19:00]} 48. Nc5 {[%clk 0:33:39]} Nb5 {[%clk 0:18:00]} 49. Ne4
{[%clk 0:29:55]} Nxd4+ {[%clk 0:17:24]} 50. Kg6 {[%clk 0:30:15]} Ne6
{[%clk 0:12:56]} 1/2-1/2

[Event "V4 OPEN - International Championship of Slovakia 2
[Site "Banska Stiavnica"]
[Date "2013.07.09"]
[Round "4"]
[Board "20"]
[White "Lanc, Alois"]
[Black "Wozniak, Mariola"]
[Result "1-0"]
[WhiteElo "2369"]
[BlackElo "2016"]
[PlyCount "0"]
[EventDate "2013.07.06"]
[EventRounds "9"]
[EventCountry "SVK"]

1. d4 {[%clk 1:30:59]} d5 {[%clk 1:30:55]} 2. Nc3 {[%clk 1:31:23]} Nf6
{[%clk 1:28:17]} 3. Bg5 {[%clk 1:31:50]} Nbd7 {[%clk 1:26:39]} 4. f3
{[%clk 1:31:07]} e6 {[%clk 1:21:49]} 5. e4 {[%clk 1:28:49]} dxe4 {[%clk 1:20:32]}
6. fxe4 {[%clk 1:27:17]} Be7 {[%clk 1:19:47]} 7. Nf3 {[%clk 1:23:22]} a6
{[%clk 1:14:40]} 8. e5 {[%clk 1:02:28]} Nd5 {[%clk 1:14:16]} 9. Ne4
{[%clk 1:01:26]} Bxg5 {[%clk 0:50:06]} 10. Nfxg5 {[%clk 0:58:09]} h6
{[%clk 0:47:26]} 11. Nf3 {[%clk 0:57:59]} Ne3 {[%clk 0:47:20]} 12. Qd2
{[%clk 0:57:08]} Nxf1 {[%clk 0:47:42]} 13. Rxf1 {[%clk 0:57:29]} O-O
{[%clk 0:40:02]} 14. O-O-O {[%clk 0:54:32]} Nb6 {[%clk 0:34:46]} 15. g4
{[%clk 0:51:42]} Qd5 {[%clk 0:32:45]} 16. Nc3 {[%clk 0:50:10]} Qa5
{[%clk 0:32:15]} 17. Qf4 {[%clk 0:31:54]} Nc4 {[%clk 0:23:14]} 18. Nd2
{[%clk 0:29:45]} b5 {[%clk 0:22:00]} 19. Nxc4 {[%clk 0:27:19]} bxc4
{[%clk 0:22:26]} 20. g5 {[%clk 0:27:32]} hxg5 {[%clk 0:19:39]} 21. Qxg5
{[%clk 0:27:30]} f5 {[%clk 0:14:28]} 22. Rg1 {[%clk 0:25:28]} Rf7
{[%clk 0:14:47]} 23. Qd8+ {[%clk 0:25:30]} Rf8 {[%clk 0:12:45]} 24. Qe7
{[%clk 0:25:48]} Rf7 {[%clk 0:12:55]} 25. Qe8+ {[%clk 0:26:08]} Rf8
{[%clk 0:13:18]} 26. Rxg7+ 1-0

[Event "V4 OPEN - International Championship of Slovakia 2
[Site "Banska Stiavnica"]
[Date "2013.07.09"]
[Round "4"]
[Board "21"]
[White "Motuz, Karol"]
[Black "Puskar, Jan"]
[Result "1-0"]
[WhiteElo "2361"]
[BlackElo "2014"]
[PlyCount "0"]
[EventDate "2013.07.06"]
[EventRounds "9"]
[EventCountry "SVK"]

1. d4 {[%clk 1:29:36]} e6 {[%clk 1:30:45]} 2. e4 {[%clk 1:26:16]} d5
{[%clk 1:30:44]} 3. Nc3 {[%clk 1:26:16]} Bb4 {[%clk 1:29:54]} 4. Nge2
{[%clk 1:24:09]} dxe4 {[%clk 1:28:25]} 5. a3 {[%clk 1:24:31]} Be7
{[%clk 1:26:34]} 6. Nxe4 {[%clk 1:23:45]} Nf6 {[%clk 1:25:49]} 7. Nxf6+
{[%clk 1:21:19]} Bxf6 {[%clk 1:25:32]} 8. Be3 {[%clk 1:20:59]} b6
{[%clk 1:23:02]} 9. Ng3 {[%clk 1:16:22]} Bb7 {[%clk 1:20:59]} 10. Qg4
{[%clk 1:11:09]} Qd5 {[%clk 1:14:14]} 11. Nh5 {[%clk 1:02:28]} Nd7
{[%clk 1:11:13]} 12. Nxg7+ {[%clk 0:58:06]} Ke7 {[%clk 1:10:30]} 13. Nh5
{[%clk 0:57:55]} Rhg8 {[%clk 1:09:17]} 14. Nxf6 {[%clk 0:56:51]} Qa5+
{[%clk 1:03:16]} 15. b4 {[%clk 0:53:26]} Rxg4 {[%clk 1:00:37]} 16. bxa5
{[%clk 0:53:16]} Nxf6 {[%clk 1:00:45]} 17. f3 {[%clk 0:52:29]} Nd5
{[%clk 0:56:34]} 18. fxg4 {[%clk 0:43:32]} Nxe3 {[%clk 0:56:58]} 19. Kd2
{[%clk 0:39:56]} Nxg4 {[%clk 0:54:29]} 20. a6 {[%clk 0:38:11]} Bc6
{[%clk 0:52:49]} 21. Be2 {[%clk 0:37:31]} Rg8 {[%clk 0:50:23]} 22. Bf3
{[%clk 0:35:14]} Bb5 {[%clk 0:46:45]} 23. Be2 {[%clk 0:33:57]} Bc6
{[%clk 0:46:50]} 24. Bf3 {[%clk 0:34:24]} Bb5 {[%clk 0:47:15]} 25. Bb7
{[%clk 0:34:22]} Rd8 {[%clk 0:47:30]} 26. Kc3 {[%clk 0:29:13]} Ne3
{[%clk 0:44:15]} 27. a4 {[%clk 0:27:21]} Be8 {[%clk 0:44:18]} 28. Rhe1
{[%clk 0:25:20]} Nf5 {[%clk 0:42:09]} 29. d5 {[%clk 0:23:15]} Nd6
{[%clk 0:38:43]} 30. a5 {[%clk 0:18:49]} b5 {[%clk 0:33:41]} 31. Re3
{[%clk 0:13:54]} c5 {[%clk 0:30:57]} 32. dxe6 {[%clk 0:08:14]} fxe6
{[%clk 0:31:18]} 33. Bd5 {[%clk 0:08:07]} Bf7 {[%clk 0:29:20]} 34. Rae1
{[%clk 0:05:10]} Nf5 {[%clk 0:27:19]} 35. Rxe6+ {[%clk 0:04:13]} Bxe6
{[%clk 0:27:40]} 36. Rxe6+ {[%clk 0:03:37]} Kd7 {[%clk 0:26:20]} 37. g4
{[%clk 0:01:50]} Ne7 {[%clk 0:24:15]} 38. Ba2 {[%clk 0:01:42]} Rf8
{[%clk 0:23:01]} 39. Rh6 {[%clk 0:01:30]} Rf3+ {[%clk 0:21:13]} 40. Kb2
{[%clk 0:00:51]} c4 {[%clk 0:20:30]} 41. Rxh7 {[%clk 0:28:49]} Kd6
{[%clk 0:43:13]} 42. Bb1 {[%clk 0:24:30]} b4 {[%clk 0:40:24]} 43. g5
{[%clk 0:20:14]} Nd5 {[%clk 0:37:45]} 44. Rxa7 {[%clk 0:19:24]} Nc3
{[%clk 0:37:35]} 45. Rb7 {[%clk 0:10:04]} Kc5 {[%clk 0:35:46]} 46. Rc7+
{[%clk 0:08:54]} Kb5 {[%clk 0:31:54]} 47. Ba2 {[%clk 0:07:46]} Na4+
{[%clk 0:27:43]} 48. Kc1 {[%clk 0:07:54]} c3 {[%clk 0:27:07]} 49. Bc4+
{[%clk 0:07:55]} Kxa5 {[%clk 0:27:20]} 50. a7 {[%clk 0:07:29]} Rf8
{[%clk 0:26:14]} 51. Rc6 {[%clk 0:06:46]} Nb6 {[%clk 0:25:15]} 52. Rc5+
{[%clk 0:07:04]} Ka4 {[%clk 0:25:17]} 53. Bb3+ {[%clk 0:07:24]} 1-0